000 00492nam a2200169Ia 4500
999 _c35029
_d35029
003 OSt
005 20200201142847.0
008 190216s9999||||xx |||||||||||||| ||und||
040 _coclc
082 _a320.954
_bRAG/D
100 _aRaghu, J
_91779
245 0 _aDesha Rashtravum Hindu Coloniyalisavum /
_cJ Raghu
260 _bPratheeksha Publications,
_c2012.
_aKozhikode:
300 _a131p
650 _aPolitics
942 _cBK
_2ddc
_h320.954
_iRAG/D
_k320.954
_mRAG/D